|
|
|
|
| LEADER |
01124nam a2200241 a 4500 |
| 001 |
31688 |
| 003 |
BD-DhAAL |
| 005 |
20190623141916.0 |
| 008 |
170524s2016 bg ||||| |||| 00| 0 eng d |
| 999 |
|
|
|c 38051
|d 38051
|
| 020 |
|
|
|a 9848005080
|
| 040 |
|
|
|a BD-DhAAL
|b BD-DhAAL
|
| 082 |
|
|
|2 23
|a 891.44371
|
| 100 |
|
|
|a আহমেদ, হুমায়ুন
|9 21655
|
| 245 |
|
|
|a ১৯৭১ /
|c হুমায়ুন আহমেদ
|
| 260 |
|
|
|a ঢাকা :
|b আফসার ব্রাদার্স,
|c ২০১৬
|
| 300 |
|
|
|a ৭৯ পৃষ্ঠা :
|c ২২ সে.মি.
|
| 526 |
|
|
|a AAL
|
| 541 |
|
|
|e 31688, 31689
|
| 650 |
|
|
|a Bengali
|x fiction
|z Bangladesh
|9 21656
|
| 942 |
|
|
|2 ddc
|c BK
|
| 952 |
|
|
|0 0
|1 0
|2 ddc
|4 0
|6 891_443710000000000_AHM
|7 0
|8 FIC
|9 60197
|a BRACUL
|b BRACUL
|c GEN
|d 2017-04-13
|e Paragon Enterprises
|g 110.00
|l 28
|m 93
|o 891.44371 AHM
|p 3010031688
|r 2025-10-07
|s 2025-09-21
|t 1
|v 110.00
|w 2017-04-13
|y BK
|
| 952 |
|
|
|0 0
|1 0
|2 ddc
|4 0
|6 891_443710000000000_AHM
|7 0
|8 FIC
|9 60198
|a BRACUL
|b BRACUL
|c GEN
|d 2017-04-13
|e Paragon Enterprises
|g 110.00
|l 15
|m 98
|o 891.44371 AHM
|p 3010031689
|r 2026-04-11
|s 2026-02-18
|t 2
|v 110.00
|w 2017-04-13
|y BK
|